Statistics for Jackson–Medgar Wiley Evers Int. Destinations (Jackson, MS, USA)

Click here to take the quiz!

General Stats

  • This quiz has been taken 9 times
    (3 since last reset)
  • The average score is 7 of 8

Answer Stats

AirlineDestination% Correct
Delta Air Lines/Southwest AirlinesAtlanta
100%
American EagleCharlotte
100%
American EagleDallas/Fort Worth
100%
Southwest AirlinesHouston (Hobby)
100%
United ExpressHouston (Intercontinental)
100%
Southwest AirlinesOrlando
100%
Southwest AirlinesBaltimore
67%
American EagleWashington (National)
33%

Score Distribution

Percentile by Number Answered

Percent of People with Each Score

Your Score History

You have not taken this quiz since the last reset